Información contable como herramienta de planificación y desarrollo de las pymes en el municipio de Cotuí, prov. Sánchez Ramírez / Yaneiry Mejía Santana, Mercedes Adames Romero asesor Juan Francisco Nuñez. (Registro nro. 17766)

Detalles MARC
000 -LEADER
fixed length control field 01020nam a22002291a 4500
001 - CONTROL NUMBER
control field 17766
003 - CONTROL NUMBER IDENTIFIER
control field OSt
005 - DATE AND TIME OF LATEST TRANSACTION
control field 20260204212332.0
008 - FIXED-LENGTH DATA ELEMENTS--GENERAL INFORMATION
fixed length control field 161226s2016||||dr ||||||b||||||||||spa||
090 ## - LOCALLY ASSIGNED LC-TYPE CALL NUMBER (OCLC); LOCAL CALL NUMBER (RLIN)
Classification number (OCLC) (R) ; Classification number, CALL (RLIN) (NR) CON 2016 M34
100 1# - ASIENTO PRINCIPAL -- NOMBRE PERSONAL
Personal name Mejía Santana, Yaneiry
Relator term sustentante
245 1# - TÍTULO PROPIAMENTE DICHO: SUBTÍTULO
Title Información contable como herramienta de planificación y desarrollo de las pymes en el municipio de Cotuí, prov. Sánchez Ramírez / Yaneiry Mejía Santana, Mercedes Adames Romero asesor Juan Francisco Nuñez.
260 ## - PUBLICATION, DISTRIBUTION, ETC.
Place of publication, distribution, etc. Cotuí, República Dominicana :
Name of publisher, distributor, etc. UTECO,
Date of publication, distribution, etc. 2016
300 ## - PHYSICAL DESCRIPTION
Extensión 62 hojas
502 ## - THESIS NOTE
Dissertation note Trabajo de grado (Licenciatura en contabilidad)--Universidad Tecnológica del Cibao Oriental, 2016. <br/>
520 ## - SUMMARY, ETC.
Summary, etc. CONTABILIDADÌ
650 #4 - ASIENTO SECUNDARIO DE MATERIA -- TERMINO TOPICO
Asiento secundario de materia nformación contable como herramienta de planificación
700 1# - ASIENTO SECUNDARIO -- NOMBRE PERSONAL
Personal name Adames Romero, Mercedes
Relator term sustentante
700 1# - ASIENTO SECUNDARIO -- NOMBRE PERSONAL
Personal name Nuñez, Juan Francisco
Relator term asesor
830 ## - ASIENTO SECUNDARIO DE SERIE - TÍTULO UNIFORME
Uniform title Tesis y disertaciones académicas (Universidad Tecnológica del Cibao Oriental)
942 ## - ADDED ENTRY ELEMENTS (KOHA)
Source of classification or shelving scheme Clasificación Local
Koha item type Tesis
Existencias
Withdrawn status Lost status Source of classification or shelving scheme Damaged status Not for loan Collection code Home library Current library Shelving location Date acquired Inventory number Total Checkouts Full call number Barcode Date last seen Copy number Price effective from Koha item type
    Clasificación Local   Préstamo Interno Trabajos de Grado e Investigación   Biblioteca UTECO En Estantería 09/09/2019 CT-2016-007   CON 2016 M34 CT-2016-007 09/09/2019 Ej.1 09/09/2019 Tesis
© 2021 Derechos Reservados UTECO - Teléfono: +1 809-585-2291 - Correo electrónico: biblioteca@uteco.edu.do​  
Código postal 43000 ​​
Dirección: Avenida Universitaria No. 100, 
Cotuí, Provincia Sánchez Ramírez, República Dominicana - RNC: 404-00059-6